01495nam a2200361 a 4500001001200000003000800012006001900020007001500039008004100054010001700095020001500112020001800127020002700145040002100172035002100193050002400214082001500238100002300253245009500276260005900371300002400430440002900454504005100483505015500534533015200689650002600841650003000867655002900897710004700926710001700973856012600990999001701116ebr10621149CaPaEBRm u cr cn|||||||||020201s2002 enka sb 001 0 eng d z 2005472331 z0854045724 z9780854045723 z9781847552051 (e-book) aCaPaEBRcCaPaEBR a(OCoLC)23263744214aR857.M3bN53 2002eb04a610.282211 aNicholson, John W.14aThe chemistry of medical and dental materialsh[electronic resource] /cJohn W. Nicholson. aCambridge, U.K. :bRoyal Society of Chemistry,cc2002. axii, 242 p. :bill. 0aRSC materials monographs aIncludes bibliographical references and index.0 aSynthetic materials in medicine -- Polymers -- Ceramics -- Metals -- Dental materials -- Biological interactions with materials -- Tissue engineering. aElectronic reproduction.bPalo Alto, Calif. :cebrary,d2011.nAvailable via World Wide Web.nAccess may be limited to ebrary affiliated libraries. 0aBiomedical materials. 0aPharmaceutical chemistry. 7aElectronic books.2local2 aRoyal Society of Chemistry (Great Britain)2 aebrary, Inc.40uhttp://site.ebrary.com/lib/rucke/Doc?id=10621149zAn electronic book accessible through the World Wide Web; click to view c56673d56673